000 00961nam a22001937a 4500
008 100526t xxu||||| |||| 00| 0 eng d
082 _222
_a247.9
_bل و ى
100 _914270
_aلويس , برنارد
245 _aالحشاشون :
_bفرقة ثورية فى تاريخ الإسلام /
_cتأليف برنارد لوس ؛ تعريب محمد العزب موسى
250 _aط. 2
260 _aبيروت ؛
_aالقاهرة :
_b ؛ دار آزال للطباعة والنشر والتوزيع
_bمكتبة مدبولى:
_c1986.
300 _a252 ص:
_bايض ؛
_c15 سم.
500 _aDonations.
500 _aDonated By: Mohamed Abdel Ghaney.
650 _914273
_aالحشاشون - فرق إسلامية
700 _914274
_aموسى, محمد العزب
942 _2ddc
_cBB
999 _c14018
_d14018